<?xml version="1.0" encoding="UTF-8"?>
<record
    xmlns:xsi="http://www.w3.org/2001/XMLSchema-instance"
    xsi:schemaLocation="http://www.loc.gov/MARC21/slim http://www.loc.gov/standards/marcxml/schema/MARC21slim.xsd"
    xmlns="http://www.loc.gov/MARC21/slim">

  <leader>00823nam2a2200229   4500</leader>
  <controlfield tag="001">RU\NLR\BIBL_A\012372956</controlfield>
  <controlfield tag="005">20250627114156.0</controlfield>
  <datafield tag="035" ind1=" " ind2=" ">
    <subfield code="a">(NLR Aleph) 012372956</subfield>
  </datafield>
  <datafield tag="090" ind1=" " ind2=" ">
    <subfield code="a">13301453</subfield>
    <subfield code="c">13301453</subfield>
  </datafield>
  <datafield tag="100" ind1=" " ind2=" ">
    <subfield code="a">20201009g1960    |||y0rusy50      ca</subfield>
  </datafield>
  <datafield tag="101" ind1="0" ind2=" ">
    <subfield code="a">kir</subfield>
  </datafield>
  <datafield tag="102" ind1=" " ind2=" ">
    <subfield code="a">KG</subfield>
  </datafield>
  <datafield tag="105" ind1=" " ind2=" ">
    <subfield code="a">y   z   000zy</subfield>
  </datafield>
  <datafield tag="200" ind1="1" ind2=" ">
    <subfield code="a">&#x412;&#x44B;&#x43F;.1</subfield>
    <subfield code="f">[&#x442;&#x4AF;&#x437;. &#x472;. &#x411;&#x430;&#x44F;&#x43A;&#x443;&#x43D;&#x43E;&#x432;, &#x410;. &#x418;&#x437;&#x438;&#x431;&#x430;&#x435;&#x432;]</subfield>
  </datafield>
  <datafield tag="210" ind1=" " ind2=" ">
    <subfield code="d">1960</subfield>
    <subfield code="a">&#x411;. &#x43C;.</subfield>
  </datafield>
  <datafield tag="215" ind1=" " ind2=" ">
    <subfield code="a">134,[2] c.</subfield>
  </datafield>
  <datafield tag="461" ind1=" " ind2="0">
    <subfield code="1">001RU\NLR\BIBL_A\012372871</subfield>
    <subfield code="1">2001#$a&#x41A;&#x43B;&#x443;&#x431;&#x434;&#x443;&#x43A; &#x441;&#x430;&#x445;&#x43D;&#x430;$e(&#x440;&#x435;&#x43F;&#x435;&#x440;&#x442;&#x443;&#x430;&#x434;&#x44B;&#x43A; &#x436;&#x44B;&#x439;&#x43D;&#x430;&#x43A;)$v&#x412;&#x44B;&#x43F;.1</subfield>
    <subfield code="9">13301446</subfield>
    <subfield code="c">&#x411;. &#x43C;.</subfield>
    <subfield code="d">1958</subfield>
    <subfield code="f">&#x442;&#x4AF;&#x437;. &#x410;. &#x41C;&#x430;&#x43C;&#x431;&#x435;&#x442;&#x430;&#x43A;&#x443;&#x43D;&#x43E;&#x432;, &#x422;. &#x421;&#x443;&#x43B;&#x442;&#x430;&#x43D;&#x433;&#x430;&#x437;&#x438;&#x435;&#x432;</subfield>
    <subfield code="p">124,[2] c.</subfield>
    <subfield code="t">&#x412;&#x44B;&#x43F;.1</subfield>
    <subfield code="v">&#x412;&#x44B;&#x43F;.1</subfield>
  </datafield>
  <datafield tag="702" ind1=" " ind2="1">
    <subfield code="a">&#x411;&#x430;&#x44F;&#x43A;&#x443;&#x43D;&#x43E;&#x432;</subfield>
    <subfield code="b">&#x472;.</subfield>
    <subfield code="4">220</subfield>
  </datafield>
  <datafield tag="852" ind1=" " ind2=" ">
    <subfield code="a">NLR</subfield>
    <subfield code="b">&#x41E;&#x41D;&#x41B;</subfield>
    <subfield code="j">&#x41A;&#x438;&#x440;&#x433;./2-2691</subfield>
  </datafield>
  <datafield tag="942" ind1=" " ind2=" ">
    <subfield code="c">BOOK</subfield>
  </datafield>
  <datafield tag="980" ind1=" " ind2=" ">
    <subfield code="a">NB</subfield>
  </datafield>
  <datafield tag="995" ind1=" " ind2=" ">
    <subfield code="5">2020-10-09</subfield>
    <subfield code="b">NLR01</subfield>
    <subfield code="c">NLR01</subfield>
    <subfield code="e">ONL01</subfield>
    <subfield code="f">1-2417563</subfield>
    <subfield code="k">&#x41E;&#x41D;&#x41B; &#x41A;&#x438;&#x440;&#x433;./2-2691</subfield>
    <subfield code="o">0</subfield>
    <subfield code="r">BOOK</subfield>
    <subfield code="s">_22691</subfield>
  </datafield>
</record>
